| 000 | 00537nam a22001697a 4500 | ||
|---|---|---|---|
| 003 | OSt | ||
| 005 | 20221214104828.0 | ||
| 008 | 220915b |||||||| |||| 00| 0 eng d | ||
| 020 | _a0 934418 44 6750 | ||
| 040 | _cBiblioteca Lado V | ||
| 082 |
_a750 _bF732b |
||
| 110 |
_9492 _aMuseum of Comtemporary Art, San Diego _eautor |
||
| 245 |
_aBlurring the Boundaries/ _bInstallation Art 1969-1996/ |
||
| 260 |
_aHong Kong _bMuseum of Comtemporary Art _c1997 |
||
| 300 |
_a198p. _c23x31cm |
||
| 942 |
_2ddc _c1 _h750 _iF732b _n0 |
||
| 999 |
_c2729 _d2729 |
||